00737nam a22002177a 4500003000400000005001700004008004100021020001800062100002800080245007100108250001200179260003700191440005500228653003300283653002400316653005400340653001300394653003900407653003100446856004200477OSt20221130113943.0221130b |||||||| |||| 00| 0 eng d a9781108635660 aTwisk, Jos W R eAuthor aApplied mixed model analysis : a practical guidecby Jos W R Twisk a2nd ed. bCambridge University Pressc2019 aPractical guides to biostatistics and epidemiology aStatistics for life sciences aMedicine and health aEpidemiology public health and medical statistics aMedicine aGeneral statistics and probability aStatistics and probability uhttps://doi.org/10.1017/9781108635660